00922nam a2200181 4500001000700000003000900007005001700016007000300033008004100036100004000077245031500117260005500432300004100487700004200528852003100570999001900601952012000620138417ES-MaACL20230906195548.0t|070214s1976 sp r ||||1| spa d1 aSandoval Guerra, Alvaro de.910311110aDibujo Industrial b: de interés para estudios de Dibujo en Escuelas Universitarias de Ingeniería, Delineantes, Universidades Laborales, Institutos Politécnicos, Escuelas de Maestría, Técnicos y Centros de Formación Profesional Industrial / cAlvaro de Sandoval Guerra, Alvaro de Sandoval García. aSantander : b[s. n.], c1976 (fManufactura Jean) a564 p., 84 lám. : bil. ; c25 cm.1 aSandoval García, Alvaro de.9103110 aES-MaACLjA-6257 bR.95222 c138417d138417 00104070aATENEOMbATENEOMcSPP1d2008-01-17eSCl0oA-6257p1144031r2023-02-23 00:00:00w2023-02-23yMONOGRAFIA